Iba "nakopnutý zotrvačník"? Akademický Prešov 92

Bibliographic Details
Main Author: Matejčíková, Daša (Author)
Format: Article
Language:Slovak
Subjects:

MARC

LEADER 00000nab a2200000 a 4500
001 vtls000469362
003 SK-MaSNL
005 20260303000732.0
008 120926c1992 xo 0 slo
015 |a SNBRB19rr/mm-uuuuu 
035 |a CL0469495 
040 |a SNKBUCL  |b slo  |c SNKBUCL  |e AACR2 
041 0 |a slo 
044 |a xo  |c SK 
080 |a 792.091.4:378  |2 1981 
080 |a 378  |2 1981 
100 1 |a Matejčíková, Daša  |4 aut  |9 842231 
245 1 0 |a Iba "nakopnutý zotrvačník"?  |b Akademický Prešov 92  |c Daša Matejčíková 
650 0 7 |a Akademický Prešov 1992  |2 snkbucl  |9 975262 
655 7 |a články z novín a časopisov  |2 snkbucl  |9 267496 
773 0 |t Denný Telegraf  |g Roč. 1, č. 25 (30. 10. 1992), s. 11 
850 |a Slovenská národná knižnica v Martine  |a MTA001 
852 |a SNK  |b KIS3GCP 
958 |a RK 
992 |a RBX 
999 |c 1560021  |d 1561951